000 00458nam a2200181Ia 4500
008 090123s9999 xx 000 0 und d
082 _b5188
100 _aकुलकर्णी रेखा
245 _aबंधन
250 _a1
260 _c1978
300 _a220
600 _aकुलकर्णी रेखा
630 _aबंधन
700 _aकुलकर्णी रेखा
730 _aबंधन
942 _cBOOK
999 _c43263
_d43263